000 00808nam a2200265 4500
003 DO-SdBPM
005 20250128093758.0
008 161121b2009 sp ||| 00| 0 spa d
020 _a9788444101651
040 _aDO-SdBPM
_bspa
_cBPMSU
_e
082 4 _a372.4
_bA654g 2009
_222
245 0 0 _aAprendo con la Ge,Gi,Za, Zo,Zu
260 _aCorruña, España :
_bEditorial Everest,
_c2009
300 _a32 p. :
_bil. :
_c22 cm
490 0 _aAprendo con las vocales y los fonemas
590 _aInventariado, 2025/VM
650 4 _aEducación preescolar
650 4 _aCuentos infantiles
650 4 _aLectura recreativa
_vEnseñanza
650 4 _aNarración de cuentos
650 4 _aLibros y lecturas para niños
710 2 _aDisney
910 _aVMateo V. Control de calidad. BPMSU
942 _2ddc
_cBK
999 _c14915
_d14915